000 00449cam a2200193ua 4500
001 8550
008 150205n ii |||gr||||Z||||||eng
040 _cMAIN
041 _aeng
082 _a420
100 _aSmith, L. P.,
_eAuthor.
245 _aEnglish language
_cBy L. P. Smith
250 _a1st.
260 _aNew Delhi:
_bSurjeet,
_c1996.
300 _ax,178p.
653 _aEnglish & Old English
653 _aEnglish language
942 _cBK
999 _c7651
_d7651